[Event "Titled Tue 17th Jun Early"]
[Site "chess.com INT"]
[Date "2025.06.17"]
[Round "8"]
[White "Sobek, Jaroslav"]
[Black "Khazan, Yevgeny"]
[Result "0-1"]
[WhiteTitle "FM"]
[BlackTitle "CM"]
[WhiteElo "2195"]
[BlackElo "2135"]
[WhiteFideId "301388"]
[BlackFideId "2806193"]
[EventDate "2025.06.17"]

1. d4 Nf6 2. c4 g6 3. Nc3 d5 4. Bf4 Bg7 5. e3 O-O 6. Rc1 c6 7. Nf3 Bg4 8. Be2
Bxf3 9. Bxf3 dxc4 10. Qe2 Nd5 11. Bxb8 Rxb8 12. Qxc4 e6 13. O-O h5 14. Ne4 Qe7
15. Nc5 b6 16. Nd3 Rbc8 17. Qa4 Qd6 18. Rfd1 a5 19. h3 Rc7 20. Rc2 Rfc8 21. Rdc1
Bh6 22. a3 Nxe3 23. fxe3 Bxe3+ 24. Kh1 Bxc1 25. Rxc1 c5 26. Rd1 Qxd4 27. Qc2 c4
28. Nf2 Qe3 29. Ne4 h4 30. Nd6 Rd8 31. Nf5 Rxd1+ 32. Qxd1 Qg5 33. Qd6 Ra7 34.
Nd4 Kg7 35. Nc6 Rb7 36. Nd8 Ra7 37. Nc6 Ra8 38. Qd4+ f6 39. Qxc4 Rc8 40. Qxe6
Qc1+ 41. Kh2 Qf4+ 42. Kg1 Qc1+ 43. Kf2 Qd2+ 44. Qe2 Qxe2+ 45. Kxe2 f5 46. Kd3
Kf6 47. Kc4 Ke6 48. Kb5 Kd6 49. Kxb6 Re8 50. Kb5 Re3 51. b4 Rb3 52. Kxa5 Rxa3+
53. Kb6 Ra2 54. b5 Rb2 55. Ka6 Rb1 56. b6 Ra1+ 57. Kb7 Rb1 0-1

[Event "Titled Tue 17th Jun Early"]
[Site "chess.com INT"]
[Date "2025.06.17"]
[Round "8"]
[White "Roebers, Jan"]
[Black "Zahn, Wolfgang"]
[Result "1/2-1/2"]
[WhiteTitle "FM"]
[BlackTitle "FM"]
[WhiteElo "2056"]
[BlackElo "2280"]
[WhiteFideId "1007815"]
[BlackFideId "4620984"]
[EventDate "2025.06.17"]

1. e4 c5 2. Nf3 d6 3. d4 cxd4 4. Nxd4 Nf6 5. Nc3 a6 6. f3 e5 7. Nb3 Be6 8. Be3
Nc6 9. Qd2 d5 10. exd5 Nxd5 11. Nxd5 Qxd5 12. O-O-O Qxd2+ 13. Rxd2 Rd8 14. Be2
Rxd2 15. Bxd2 Be7 16. Rd1 O-O 17. Bc3 f6 18. a3 Rd8 19. Na5 Nxa5 20. Bxa5 Rxd1+
21. Kxd1 g5 22. Bc3 Kf7 23. Bd3 h5 24. Be4 Bc8 25. Bd5+ Kg6 26. Ke2 Bd6 27. h3
f5 28. Bc4 b5 29. Bd3 Kf6 30. Kf2 Bc5+ 31. Ke2 h4 32. Kf1 Bb7 33. Bd2 e4 34. Be2
Bd4 35. c3 Bb6 36. c4 bxc4 37. fxe4 fxe4 38. Bc3+ Kf5 39. Bxc4 Kf4 40. b4 e3 41.
a4 Ke4 42. a5 Bd4 43. Be1 Kf4 44. b5 axb5 45. Bxb5 Ba8 46. a6 Bb6 47. Bb4 Bd4
48. Bd6+ Be5 49. Bxe5+ Kxe5 50. Ke2 Bxg2 51. a7 Kd6 52. Kxe3 Kc7 53. Kf2 Ba8 54.
Ke3 Kb6 55. Bd7 Kxa7 56. Kd4 Kb6 57. Ke5 Kc7 58. Bg4 Bg2 59. Kf6 Kd6 60. Kxg5
Bxh3 61. Kxh4 1/2-1/2

[Event "Titled Tue 17th Jun Early"]
[Site "chess.com INT"]
[Date "2025.06.17"]
[Round "8"]
[White "Nitish, Belurkar"]
[Black "Williams, Simon K"]
[Result "0-1"]
[WhiteTitle "IM"]
[BlackTitle "GM"]
[WhiteElo "2454"]
[BlackElo "2444"]
[WhiteFideId "5084768"]
[BlackFideId "404454"]
[EventDate "2025.06.17"]

1. d4 e6 2. Nf3 f5 3. c4 Nf6 4. Nc3 Bb4 5. Bf4 b6 6. e3 Bb7 7. Be2 Ne4 8. Qc2
O-O 9. h4 d6 10. h5 Nd7 11. Bd3 Qe7 12. a3 Bxc3+ 13. bxc3 e5 14. Bh2 Ng5 15.
Bxf5 Rxf5 16. Qxf5 Nxf3+ 17. gxf3 Rf8 18. Qc2 Bxf3 19. Rg1 Bxh5 20. Bg3 Nf6 21.
Bh4 Qf7 22. Qd3 e4 23. Qf1 Ng4 24. O-O-O Nh2 25. Qg2 Nf3 26. Rh1 Nxh4 27. Rxh4
Bxd1 28. Qxe4 Bh5 29. Rf4 Qe8 30. Rxf8+ Kxf8 31. Qxh7 Bg6 32. Qh8+ Kf7 33. Qh3
Qe4 34. Qd7+ Kg8 35. Qc8+ Qe8 36. Qxc7 Qe6 37. Qd8+ Kf7 38. Qh4 Qf5 39. Kd2 Qc2+
40. Ke1 Qxc3+ 41. Ke2 Qxc4+ 42. Kf3 Qd5+ 43. Ke2 Qb5+ 44. Kf3 Qh5+ 45. Kg3 Qxh4+
46. Kxh4 Be4 47. Kg5 Ke6 48. Kf4 Bc6 49. f3 d5 50. Kg5 Bb5 51. Kg6 Be2 52. f4
Bd3+ 53. Kxg7 Kf5 54. Kf7 Be2 55. Ke7 Bg4 56. a4 a6 57. Kf7 b5 58. axb5 axb5 0-1

[Event "Titled Tue 17th Jun Early"]
[Site "chess.com INT"]
[Date "2025.06.17"]
[Round "8"]
[White "Papaioannou, Dimitrios"]
[Black "Martinez Alcantara, Jose Eduardo"]
[Result "1-0"]
[WhiteTitle "CM"]
[BlackTitle "GM"]
[WhiteElo "2206"]
[BlackElo "2611"]
[WhiteFideId "25865137"]
[BlackFideId "3805662"]
[EventDate "2025.06.17"]

1. Nf3 g6 2. c4 Bg7 3. d4 d6 4. Nc3 Nf6 5. e4 O-O 6. Be2 Na6 7. O-O c6 8. Be3 e5
9. dxe5 dxe5 10. c5 Qe7 11. Bxa6 bxa6 12. h3 Re8 13. Qa4 Qc7 14. Rfd1 Bf8 15.
Nd2 Be6 16. Nc4 Bxc4 17. Qxc4 a5 18. Rd2 Rab8 19. Rad1 h6 20. a3 Kg7 21. g3 Qc8
22. Kg2 g5 23. Qe2 Qe6 24. Qa6 Rb3 25. Qxa5 Rxc3 26. bxc3 Nxe4 27. Rd8 Rxd8 28.
Rxd8 Be7 29. Rd1 f5 30. Qb4 Nf6 31. Qb7 f4 32. Bc1 Kg6 33. c4 f3+ 34. Kxf3 Qxh3
35. Re1 Bxc5 36. Rxe5 Qh1+ 37. Ke2 Qxc1 38. Rxc5 Qc2+ 39. Kf1 Qd3+ 40. Kg1 h5
41. Rxc6 h4 42. gxh4 Qf5 43. Rxf6+ Qxf6 44. Qe4+ Kh5 45. hxg5 Qxg5+ 46. Kf1 Qc1+
47. Kg2 Qxa3 48. Qf3+ Qxf3+ 49. Kxf3 a5 50. Ke4 Kg6 51. Kd4 Kf5 52. Kc5 Ke4 53.
Kb5 Kd4 54. c5 a4 55. c6 a3 56. c7 a2 57. c8=Q a1=Q 58. Qh8+ 1-0

[Event "Titled Tue 17th Jun Early"]
[Site "chess.com INT"]
[Date "2025.06.17"]
[Round "8"]
[White "Palczert, Matyas"]
[Black "Pakleza, Zbigniew"]
[Result "1-0"]
[WhiteTitle "FM"]
[BlackTitle "GM"]
[WhiteElo "2396"]
[BlackElo "2484"]
[WhiteFideId "784958"]
[BlackFideId "1119290"]
[EventDate "2025.06.17"]

1. b3 d5 2. Bb2 Nf6 3. Nf3 Bf5 4. e3 e6 5. c4 c6 6. Nh4 Bg6 7. Nxg6 hxg6 8. d3
Nbd7 9. Nd2 Bd6 10. g3 Qe7 11. Bg2 a5 12. a3 O-O 13. Qe2 e5 14. O-O e4 15. d4
Qe6 16. Rfc1 Ng4 17. cxd5 cxd5 18. Nb1 f5 19. Nc3 Ngf6 20. Qb5 g5 21. Bh3 g4 22.
Bf1 g5 23. Na4 Kg7 24. Nc5 Qf7 25. Nxb7 Be7 26. Rc7 Rfb8 27. Rac1 Ra7 28. R1c6
Qf8 29. Ra6 Rxa6 30. Qxa6 Rc8 31. Nc5 Rxc7 32. Ne6+ Kf7 33. Nxf8 Bxf8 34. Qxa5
Rc2 35. Bc3 Kg6 36. Bb5 Bd6 37. Bxd7 Nxd7 38. Qxd5 Rxc3 39. Qxd6+ Nf6 40. a4
Rxb3 41. d5 Rb1+ 42. Kg2 Rd1 43. a5 Rxd5 44. Qb6 f4 45. gxf4 gxf4 46. exf4 Rd2
47. a6 Ra2 48. a7 e3 49. Qxe3 Kf5 50. Qe5+ Kg6 51. f5+ Kg5 52. Qb8 Ne4 53. a8=Q
Rxf2+ 54. Kg1 Re2 55. Qg8+ Kf4 56. Qxe4+ Rxe4 57. f6 Kf3 58. Qd5 Kf4 59. Qxe4+
Kxe4 60. f7 1-0

[Event "Titled Tue 17th Jun Early"]
[Site "chess.com INT"]
[Date "2025.06.17"]
[Round "8"]
[White "Shangin, Lev"]
[Black "Beyer, Lorenz"]
[Result "0-1"]
[BlackTitle "CM"]
[WhiteElo "2169"]
[BlackElo "2226"]
[WhiteFideId "55681085"]
[BlackFideId "16245393"]
[EventDate "2025.06.17"]

1. d3 d5 2. c3 Nf6 3. Nd2 g6 4. Qc2 Bg7 5. Ngf3 c5 6. e4 dxe4 7. dxe4 Nc6 8. Be2
O-O 9. O-O Bg4 10. h3 Bxf3 11. Nxf3 Rc8 12. a4 Qc7 13. Be3 b6 14. Nd2 Rcd8 15.
f4 Ne8 16. Bf3 e5 17. f5 Nd6 18. Bg4 Na5 19. f6 Bh8 20. Bh6 Rfe8 21. Nf3 Nac4
22. Rae1 Bxf6 23. Ng5 Bh8 24. b3 Na5 25. Rf2 Bg7 26. Bxg7 Kxg7 27. Ref1 Re7 28.
Qe2 h6 29. Nf3 Qc6 30. Nd2 Rf8 31. Rf6 Qc7 32. Qe3 Ne8 33. R6f2 c4 34. b4 Nb3
35. Nf3 Qd6 36. Nh4 Qd3 37. Qxd3 cxd3 38. Bd1 Nc1 39. Rd2 Ne2+ 40. Bxe2 dxe2 41.
Rxe2 Nf6 42. Rd1 Rc8 43. Re3 Rc4 44. Nf3 Rxe4 45. Rxe4 Nxe4 46. c4 Nc3 47. Ra1
e4 48. Ne1 Ne2+ 49. Kf2 Nd4 50. Ke3 Nf5+ 51. Ke2 Rd7 52. Nc2 Rd3 53. Rd1 Rc3 54.
Nd4 Rxc4 55. Nxf5+ gxf5 56. Rb1 Kf6 57. Ke3 Ke5 58. a5 f4+ 59. Ke2 Rc2+ 60. Ke1
Rxg2 61. axb6 axb6 62. Rb3 f3 63. Rc3 Kf4 64. Rc8 e3 65. Rc4+ Kg3 66. Rg4+ Kxh3
67. b5 Rxg4 68. Kf1 Rg2 69. Ke1 Rg1# 0-1

[Event "Titled Tue 17th Jun Early"]
[Site "chess.com INT"]
[Date "2025.06.17"]
[Round "8"]
[White "Barrientos, Ernesto"]
[Black "Mizzi, Jack"]
[Result "1-0"]
[WhiteTitle "CM"]
[BlackTitle "CM"]
[WhiteElo "2027"]
[BlackElo "2107"]
[WhiteFideId "3701247"]
[BlackFideId "5602521"]
[EventDate "2025.06.17"]

1. e4 c6 2. d4 d5 3. exd5 cxd5 4. Nf3 Nc6 5. Bf4 Nf6 6. Bd3 g6 7. c3 Bg7 8. Qc2
O-O 9. O-O Bg4 10. Nbd2 Rc8 11. Qb1 a6 12. a4 Qd7 13. Re1 Bf5 14. Nb3 Bxd3 15.
Qxd3 Ne4 16. Nfd2 Qf5 17. Nxe4 Qxf4 18. Nec5 Rc7 19. a5 Qf5 20. Qg3 Rfc8 21. Qd3
Qxd3 22. Nxd3 Kf8 23. Nbc5 h5 24. b4 Na7 25. f3 Nb5 26. Rac1 Nxc3 27. Ne5 Nb5
28. Rcd1 Nd6 29. Kf2 Nf5 30. g4 hxg4 31. fxg4 Nd6 32. h4 Bf6 33. Kg3 Nb5 34. g5
Bg7 35. Kg4 Nc3 36. Rd3 Nb5 37. Rdd1 Nd6 38. Rd3 Nf5 39. h5 gxh5+ 40. Kxf5 e6+
41. Kf4 Ke7 42. Rh3 Rh8 43. Reh1 f6 44. Ng6+ Kf7 45. Nxh8+ Bxh8 46. Rxh5 fxg5+
47. Ke3 Bg7 48. Rxg5 Kf6 49. Rg3 e5 50. Rf1+ Ke7 51. Rxg7+ Kd6 52. Rxc7 exd4+
53. Kxd4 Kxc7 54. Rf7+ Kc6 55. Rf6+ Kc7 56. Kxd5 Kb8 57. Rf7 Ka8 58. Kd6 Ka7 59.
Kc7 Ka8 60. Rf8+ Ka7 61. Rf6 Ka8 62. Rb6 Ka7 63. Rxb7+ Ka8 64. Rb6 Ka7 65. Nb3 1-0

[Event "Titled Tue 17th Jun Early"]
[Site "chess.com INT"]
[Date "2025.06.17"]
[Round "8"]
[White "Reprintsev, Alexander"]
[Black "Aranda, Juan Manuel"]
[Result "0-1"]
[WhiteTitle "IM"]
[BlackTitle "CM"]
[WhiteElo "2256"]
[BlackElo "2134"]
[WhiteFideId "14100541"]
[BlackFideId "160458"]
[EventDate "2025.06.17"]

1. e4 d6 2. d4 g6 3. Nc3 Bg7 4. h4 h5 5. f3 c6 6. Be3 Qa5 7. Qd2 b5 8. Nge2 Nd7
9. Ng3 Nb6 10. b3 Rb8 11. Kf2 b4 12. Nd1 c5 13. Nb2 Ba6 14. Bxa6 Qxa6 15. Rhd1
c4 16. bxc4 Nxc4 17. Nxc4 Qxc4 18. Qd3 Qc7 19. a3 Bf6 20. axb4 Bxh4 21. c3 Bf6
22. Ne2 e6 23. Qa6 Rb7 24. Qa4+ Kf8 25. Ra3 Ne7 26. Rda1 Kg7 27. Qa5 Qd7 28. c4
Nc6 29. Qa6 Rb6 30. Qa4 Rxb4 31. Qc2 d5 32. e5 Bh4+ 33. g3 Be7 34. c5 h4 35. g4
h3 36. Kg1 h2+ 37. Kh1 Rh3 38. Rf1 Qb7 39. Nf4 Rh8 40. Qd3 Rb2 41. Rc3 Nb4 42.
Qd1 Nc2 43. Bf2 Nb4 44. Be3 Bg5 45. Ng2 Bxe3 46. Nxe3 Qb5 47. Re1 a5 48. f4 a4
49. f5 Rh3 50. fxe6 fxe6 51. Rf1 Rh8 52. Qf3 Qd7 53. Qf6+ Kh7 54. Qh4+ Kg8 55.
Qg5 Qe8 0-1

[Event "Titled Tue 17th Jun Early"]
[Site "chess.com INT"]
[Date "2025.06.17"]
[Round "8"]
[White "Tin, Jingyao"]
[Black "Sarana, Alexey"]
[Result "0-1"]
[WhiteTitle "GM"]
[BlackTitle "GM"]
[WhiteElo "2583"]
[BlackElo "2686"]
[WhiteFideId "5804418"]
[BlackFideId "24133795"]
[EventDate "2025.06.17"]

1. d4 Nf6 2. c4 e6 3. Nc3 Bb4 4. e3 O-O 5. Bd3 d5 6. a3 Bxc3+ 7. bxc3 dxc4 8.
Bxc4 c5 9. Ne2 Qc7 10. Ba2 b6 11. O-O Ba6 12. Re1 Nc6 13. Ng3 Rfd8 14. Rb1 Rac8
15. Rb2 cxd4 16. cxd4 Ne5 17. Rd2 Nd3 18. Rxd3 Qxc1 19. Qxc1 Rxc1 20. Rxc1 Bxd3
21. Rc7 Ne8 22. Rc3 Bb5 23. Ne4 Kf8 24. f3 Ke7 25. Kf2 h6 26. h4 f5 27. Nd2 Nd6
28. e4 fxe4 29. fxe4 Rf8+ 30. Ke3 Kd7 31. g4 Ba6 32. a4 Bb7 33. Rc1 Rc8 34. Rxc8
Nxc8 35. Nc4 Nd6 36. Ne5+ Ke7 37. Ng6+ Kf7 38. Nf4 Bxe4 39. Nxe6 Bc2 40. Kd2 Be4
41. Nf4+ Ke7 42. Nh5 Kf8 43. Ng3 Bc6 44. Bb3 g5 45. hxg5 hxg5 46. Ke3 Bd7 47.
Kf3 Ke7 48. Nf1 Bc6+ 49. Kf2 Ne4+ 50. Ke3 Nc3 51. Kd3 Ne4 52. Ne3 Nf6 53. Nf5+
Kd8 54. Nh6 Ke7 55. Nf5+ Kd7 56. Nh6 Be4+ 57. Ke3 Bg6 58. Kf3 Ke7 59. Bc4 Bc2
60. Bb5 Kf8 0-1

[Event "Titled Tue 17th Jun Early"]
[Site "chess.com INT"]
[Date "2025.06.17"]
[Round "8"]
[White "Tilak, Sharad S"]
[Black "Li, Hui"]
[Result "1/2-1/2"]
[WhiteTitle "IM"]
[BlackTitle "CM"]
[WhiteElo "2191"]
[BlackElo "2041"]
[WhiteFideId "5000165"]
[BlackFideId "15400310"]
[EventDate "2025.06.17"]

1. e4 e5 2. Nf3 Nf6 3. Nxe5 d6 4. Nc4 Nxe4 5. Nc3 Nxc3 6. bxc3 Be7 7. d4 Bf5 8.
Ne3 Bg6 9. Be2 Nd7 10. O-O O-O 11. f4 Be4 12. Bf3 Bxf3 13. Qxf3 c6 14. Rb1 Qc7
15. f5 Nf6 16. g4 d5 17. g5 Ne4 18. Ng4 Bd6 19. f6 g6 20. c4 Rfe8 21. c5 Bf8 22.
Bf4 Qc8 23. Ne5 Qf5 24. Bc1 Qxf3 25. Rxf3 b6 26. cxb6 axb6 27. a3 c5 28. Rxb6
cxd4 29. Bf4 Nc3 30. Rb7 Ne2+ 31. Kf2 Nxf4 32. Nxf7 Re2+ 33. Kg3 Rxc2 34. Ne5
Rc3 35. Kxf4 Rxf3+ 36. Nxf3 Rxa3 37. Nxd4 Bd6+ 38. Kg4 Ra4 39. Kf3 Rxd4 40. Rd7
Rb4 41. Rxd6 Rb3+ 42. Kg4 Rb4+ 43. Kf3 d4 44. Ke4 Kf7 45. Rd7+ Ke6 46. Re7+ Kd6
47. Rxh7 Rb5 48. h4 Re5+ 49. Kxd4 Rf5 50. Ra7 Rf4+ 51. Ke3 Rxh4 52. f7 Rh3+ 53.
Kf2 Rh8 54. Kf3 Ke6 55. Kf4 Rf8 56. Rb7 Rxf7+ 57. Rxf7 Kxf7 58. Ke5 Ke7 59. Kd5
Kd7 60. Ke5 Ke7 61. Kd5 Kd7 62. Ke5 Ke7 1/2-1/2

[Event "Titled Tue 17th Jun Early"]
[Site "chess.com INT"]
[Date "2025.06.17"]
[Round "8"]
[White "Myagmarsuren, Evsuld"]
[Black "Brady, Tyson"]
[Result "0-1"]
[WhiteTitle "FM"]
[BlackTitle "CM"]
[WhiteElo "2292"]
[BlackElo "2170"]
[WhiteFideId "1551639"]
[BlackFideId "30970369"]
[EventDate "2025.06.17"]

1. e4 c5 2. Nf3 g6 3. d4 cxd4 4. Qxd4 Nf6 5. Nc3 Nc6 6. Qa4 d6 7. e5 dxe5 8.
Nxe5 Bd7 9. Nxd7 Nxd7 10. Be3 Bg7 11. O-O-O O-O 12. Ne4 Qc7 13. Kb1 Rad8 14. Qa3
Nb6 15. Bb5 Nd4 16. Bxd4 Bxd4 17. c3 Bg7 18. g3 Qe5 19. Nc5 Rc8 20. Nd7 Qxb5 21.
Nxf8 Rxf8 22. Qb3 Qxb3 23. axb3 Re8 24. Rhe1 e5 25. c4 Bf8 26. Re2 Bb4 27. Kc2
f5 28. h4 Kf7 29. h5 g5 30. h6 e4 31. f4 gxf4 32. gxf4 Re6 33. Rh1 Rg6 34. Rh5
Kf6 35. Kb1 a5 36. Rc2 Nd7 37. c5 Nxc5 38. Rc4 Nxb3 39. Ka2 Nc5 40. Rd4 e3 41.
Rd5 Ke6 42. Rdxf5 Nd7 43. Rd5 e2 44. f5+ Kf6 45. fxg6 e1=Q 46. Rdf5+ Kxg6 47.
Rhg5+ Kxh6 48. Rh5+ Kg6 49. Rhg5+ Kh6 50. Rh5+ Kg7 51. Rhg5+ Kh8 52. Rd5 Qe6 53.
Kb1 Qe1+ 54. Ka2 Qe6 55. Kb1 Bf8 56. Rdf5 h6 57. Rh5 Qg6 58. Ka2 Bg7 59. b3 Ne5
60. Rxe5 Bxe5 61. Rxe5 Qg2+ 62. Ka3 Qg7 63. Rb5 Kh7 64. Ka2 Qg2+ 65. Ka1 Qf1+
66. Ka2 Qxb5 67. Ka3 h5 0-1

[Event "Titled Tue 17th Jun Early"]
[Site "chess.com INT"]
[Date "2025.06.17"]
[Round "8"]
[White "Junior, Liduino F Vasconcelos"]
[Black "Mayaud, Raphael"]
[Result "1-0"]
[BlackTitle "CM"]
[WhiteElo "2047"]
[BlackElo "2126"]
[WhiteFideId "2109913"]
[BlackFideId "627151"]
[EventDate "2025.06.17"]

1. e4 c6 2. d4 d5 3. e5 Bf5 4. Nf3 e6 5. Bd3 Bxd3 6. Qxd3 c5 7. c3 Nc6 8. Be3
Qb6 9. Nbd2 cxd4 10. cxd4 Nge7 11. O-O Nf5 12. a3 a5 13. b4 Be7 14. b5 Na7 15.
a4 O-O 16. Rac1 Rfc8 17. g4 Nh4 18. Ng5 Ng6 19. Nb3 Rxc1 20. Rxc1 Rc8 21. Nc5
Qd8 22. Nf3 b6 23. Nb3 Rxc1+ 24. Nxc1 Qc7 25. Ne2 h6 26. Qc3 Qxc3 27. Nxc3 Kf8
28. Kf1 Ke8 29. Ke2 Nc8 30. Kd3 Bb4 31. Bd2 Bxc3 32. Kxc3 Nce7 33. h4 Nf8 34. h5
Nd7 35. Kd3 Kf8 36. Bc1 Ke8 37. Ba3 Nc8 38. g5 hxg5 39. Nxg5 Nf8 40. f4 Nd7 41.
Ke3 Nf8 42. Kf3 Nd7 43. Kg4 Nf8 44. f5 exf5+ 45. Kxf5 Ne7+ 46. Kf4 Ne6+ 47. Nxe6
fxe6 48. Kg5 Nf5 49. Bb2 Kf7 50. Bc3 Ne3 51. Bxa5 Nc4 52. Bb4 Nb2 53. a5 bxa5
54. Bxa5 Nc4 55. Bb4 Nb6 56. Bc5 Nd7 57. b6 Nb8 58. b7 Na6 59. Bd6 Kg8 60. b8=Q+
Nxb8 61. Bxb8 Kh7 62. Bc7 Kg8 63. Kg6 Kf8 64. h6 gxh6 65. Kxh6 Kf7 66. Bd6 Ke8
67. Kg6 Kd8 68. Kf6 Kd7 69. Kf7 1-0

[Event "Titled Tue 17th Jun Early"]
[Site "chess.com INT"]
[Date "2025.06.17"]
[Round "8"]
[White "Xiong, Jeffery"]
[Black "Carlsen, Magnus"]
[Result "0-1"]
[WhiteTitle "GM"]
[BlackTitle "GM"]
[WhiteElo "2639"]
[BlackElo "2837"]
[WhiteFideId "2047640"]
[BlackFideId "1503014"]
[EventDate "2025.06.17"]

1. e4 c5 2. Nf3 d6 3. Nc3 Nf6 4. d4 cxd4 5. Qxd4 Nc6 6. Qd3 g6 7. Nd5 Bg7 8. c3
O-O 9. Bg5 Be6 10. Be2 Ne5 11. Nxe5 dxe5 12. Nxf6+ exf6 13. Qxd8 Rfxd8 14. Be3
f5 15. exf5 Bxf5 16. Rd1 Be6 17. O-O f5 18. g3 Kf7 19. a4 Bb3 20. Rxd8 Rxd8 21.
a5 a6 22. Ra1 Bf8 23. Kf1 Ke6 24. Ke1 Rd5 25. f4 e4 26. Bd4 Kd7 27. Kf2 Kc6 28.
Ke3 Bc5 29. g4 fxg4 30. Bxg4 Bxd4+ 31. cxd4 Rb5 32. Be2 Rb4 33. Rc1+ Kd6 34. Rc8
Be6 35. Rd8+ Ke7 36. Rh8 h5 37. Kxe4 Rxb2 38. Bf3 Rb3 39. Be2 Rb2 40. Bf3 Rb5
41. Ke3 Rxa5 42. Bxb7 Ra3+ 43. Ke4 a5 44. d5 Bf5+ 45. Kd4 Rd3+ 46. Kc5 Rc3+ 47.
Kd4 Rc2 48. Ra8 Rxh2 49. Rxa5 Rd2+ 50. Kc5 h4 51. Ra7 h3 52. Bc6+ Kf6 53. d6 h2
54. Rh7 Be6 55. Rh4 Kf5 56. Bf3 g5 57. fxg5 Kxg5 58. Rh8 Kf4 59. Bc6 Bf5 60. Rh6
Ke5 61. Rh5 Rc2+ 62. Kb6 Kxd6 63. Bf3 Be6 0-1

[Event "Titled Tue 17th Jun Early"]
[Site "chess.com INT"]
[Date "2025.06.17"]
[Round "8"]
[White "Sailer, Mike"]
[Black "Mata Gonzalez, Jose Fernando"]
[Result "1-0"]
[BlackTitle "CM"]
[WhiteElo "2108"]
[BlackElo "2164"]
[WhiteFideId "2012901"]
[BlackFideId "5107423"]
[EventDate "2025.06.17"]

1. d4 Nf6 2. Nf3 g6 3. Bf4 Bg7 4. e3 O-O 5. Be2 d6 6. O-O h6 7. h3 Nh5 8. Bh2 f5
9. c4 c6 10. Nc3 Nd7 11. d5 c5 12. Nh4 Qe8 13. Nxg6 Qxg6 14. Bxh5 Qf6 15. Rc1
Ne5 16. b3 Bd7 17. a4 a6 18. Bf4 Ng6 19. Bxg6 Qxg6 20. Ne2 Kh8 21. Bg3 Rg8 22.
Nf4 Qf7 23. Qh5 Qxh5 24. Nxh5 Bb2 25. Rc2 Be5 26. Bf4 Be8 27. Ng3 Bxf4 28. exf4
Bd7 29. Re2 Rg7 30. Rfe1 Re8 31. Nh5 Rf7 32. Re3 Kh7 33. Rg3 e5 34. dxe6 Rxe6
35. Rge3 Rxe3 36. Rxe3 Kg6 37. Ng3 Bc6 38. Kf1 Rd7 39. Ne2 d5 40. cxd5 Rxd5 41.
Nc3 Rd4 42. g3 c4 43. b4 Rd2 44. b5 axb5 45. axb5 Bd7 46. Ke1 Rd6 47. Re5 h5 48.
Nd5 Bxb5 49. Ne7+ Kf7 50. Nxf5 Re6 51. Rxe6 Kxe6 52. Nd4+ Kd5 53. Nxb5 Kc5 54.
Nc3 Kd4 55. Kd2 Kc5 56. Ke3 b5 57. f5 b4 58. Kd2 Kd4 59. g4 hxg4 60. hxg4 Ke5
61. f4+ Kf6 62. Nd5+ Kf7 63. Nxb4 Ke7 64. Kc3 Kf6 65. Kxc4 Kf7 66. Kd5 Ke7 67.
Ke5 Kf8 68. Ke6 Ke8 69. f6 Kf8 70. f7 Kg7 71. Ke7 Kh7 72. Nd5 Kg6 73. f5+ Kh7
74. g5 Kg7 75. f8=Q+ Kh7 76. Qh6+ Kg8 77. Qg6+ Kh8 78. Qf6+ Kh7 79. g6+ Kh6 80.
g7+ Kh7 81. Qg6+ Kg8 82. Nf6# 1-0

[Event "Titled Tue 17th Jun Early"]
[Site "chess.com INT"]
[Date "2025.06.17"]
[Round "8"]
[White "Nurgaliyeva, Zarina"]
[Black "Kholyavko, Mariya"]
[Result "1-0"]
[WhiteTitle "WFM"]
[BlackTitle "WFM"]
[WhiteElo "2252"]
[BlackElo "2175"]
[WhiteFideId "13730096"]
[BlackFideId "13748505"]
[EventDate "2025.06.17"]

1. e4 c5 2. Nf3 Nc6 3. Bb5 g6 4. O-O Bg7 5. Nc3 Nd4 6. Nxd4 cxd4 7. Ne2 a6 8.
Bd3 d5 9. c3 dxe4 10. Bxe4 Nf6 11. Bb1 d3 12. Nf4 Bf5 13. Qf3 Be4 14. Qe3 Bh6
15. Qg3 Bxf4 16. Qxf4 O-O 17. Re1 Bf5 18. b4 Qd5 19. a4 Rfe8 20. Ba2 Qc6 21. Bb2
b5 22. axb5 axb5 23. c4 bxc4 24. Qxc4 Qxc4 25. Bxc4 Rxa1 26. Rxa1 Rc8 27. Rc1
Kf8 28. f3 h5 29. Kf2 Nd7 30. Ke3 Rb8 31. Bc3 Nb6 32. Bxd3 Nd5+ 33. Kd4 Bxd3 34.
Kxd5 e6+ 35. Kc5 Ke7 36. Ra1 Rc8+ 37. Kd4 Rd8+ 38. Ke3 Rd7 39. Ra5 Bc4 40. Bd4
Rb7 41. d3 Bb5 42. Bc5+ Kd7 43. Ra8 Kc6 44. Rc8+ Kd5 45. Rd8+ Kc6 46. d4 Kc7 47.
Rf8 Kc6 48. Ke4 Rd7 49. g4 hxg4 50. fxg4 Kb7 51. h4 Bc6+ 52. Ke3 f5 53. g5 1-0

[Event "Titled Tue 17th Jun Early"]
[Site "chess.com INT"]
[Date "2025.06.17"]
[Round "8"]
[White "Redor, Menandro"]
[Black "Huh, Isaak"]
[Result "0-1"]
[BlackTitle "CM"]
[WhiteElo "2021"]
[BlackElo "2139"]
[WhiteFideId "5222010"]
[BlackFideId "13209590"]
[EventDate "2025.06.17"]

1. e4 e5 2. Nf3 Nc6 3. Bb5 a6 4. Ba4 Nf6 5. O-O b5 6. Bb3 Bc5 7. Nxe5 Nxe5 8. d4
Bxd4 9. Qxd4 d6 10. c3 O-O 11. h3 Bb7 12. Nd2 Qe7 13. Bc2 Rae8 14. f4 Ng6 15. a4
Nxe4 16. f5 Nxd2 17. Bxd2 Ne5 18. f6 gxf6 19. Bh6 Ng6 20. Rxf6 c5 21. Qxd6 Qe2
22. Rf2 Qh5 23. Bxf8 Rxf8 24. Bxg6 hxg6 25. axb5 axb5 26. Ra7 Be4 27. Qf4 Bd5
28. Re7 Bc4 29. Kh2 Bb3 30. Re5 Qd1 31. Qf6 Ra8 32. Rg5 Qd3 33. Rg3 Qe4 34. Rg4
Qe6 35. Qf4 Ra1 36. Rh4 Qe1 37. Qh6 Qe5+ 38. Rhf4 g5 39. h4 gxf4 40. Rxf4 Rf1
41. g3 Rxf4 42. gxf4 Qe2+ 43. Kg3 Be6 44. Qg5+ Kf8 45. Qf6 Qd3+ 46. Kf2 Qf5 47.
Qd8+ Kg7 48. Ke3 Qh3+ 49. Ke4 Qg2+ 50. Ke5 Qe2+ 51. Kd6 Qd3+ 52. Ke7 Qxd8+ 53.
Kxd8 b4 54. Ke7 bxc3 55. bxc3 c4 56. Kd6 Kg6 57. Ke5 Bf5 58. h5+ Kxh5 59. Kxf5
Kh4 60. Kf6 Kg4 61. f5 Kf4 62. Kxf7 Kxf5 63. Ke7 Ke4 64. Kd6 Kd3 65. Kc5 Kxc3
66. Kd5 Kd3 67. Kc5 c3 68. Kb4 c2 69. Kb3 c1=Q 70. Ka4 Kc4 71. Ka5 Qb1 72. Ka4
Qb4# 0-1

[Event "Titled Tue 17th Jun Early"]
[Site "chess.com INT"]
[Date "2025.06.17"]
[Round "8"]
[White "Suvradeepta, Das"]
[Black "Dogan, Umut Anil"]
[Result "0-1"]
[WhiteTitle "FM"]
[BlackTitle "CM"]
[WhiteElo "2230"]
[BlackElo "2060"]
[WhiteFideId "5058031"]
[BlackFideId "51618060"]
[EventDate "2025.06.17"]

1. Nf3 d5 2. g3 Nc6 3. d4 Bf5 4. Bg2 e6 5. O-O Bd6 6. Nbd2 Nf6 7. c4 O-O 8. b3
Re8 9. Bb2 h6 10. Ne5 Bxe5 11. dxe5 Ne4 12. Rc1 Nxd2 13. Qxd2 dxc4 14. Qxd8
Raxd8 15. Bxc6 bxc6 16. Rxc4 Rd2 17. Bd4 Rxe2 18. Rxc6 Rxa2 19. Rxc7 a5 20. Ra1
Rxa1+ 21. Bxa1 Rb8 22. Bc3 Rb5 23. Kg2 Be4+ 24. f3 Bd5 25. Ra7 Rxb3 26. Bxa5
Rxf3 27. Kg1 Be4 28. Bd2 Bf5 29. Kg2 Be4 30. Kg1 Rd3 31. Ra2 Kh7 32. Kf2 Kg6 33.
h4 Kf5 34. Bf4 g5 35. hxg5 hxg5 36. Be3 Kxe5 37. Ra5+ Bd5 38. Bxg5 Rf3+ 39. Ke2
Rxg3 40. Be3 f6 41. Ra4 Rg2+ 42. Kd3 Kf5 43. Rf4+ Kg6 44. Rb4 e5 45. Bc5 Rg3+
46. Kd2 Kf5 47. Rb6 Rf3 48. Be7 Kg6 49. Bd8 Kf7 50. Bc7 e4 51. Rd6 Be6 52. Rb6
f5 53. Ke2 Bc4+ 54. Kd2 Rd3+ 55. Kc2 Rd7 56. Bf4 Be6 57. Rd6 Rc7+ 58. Kd2 Rb7
59. Ke3 Rb3+ 60. Ke2 Bc4+ 61. Kf2 Ke7 62. Rc6 Rf3+ 63. Kg2 Bf1+ 0-1